Strategic management : (Record no. 5383)
[ view plain ]
| 000 -LEADER | |
|---|---|
| fixed length control field | 00704cam a22002172 4500 |
| 001 - CONTROL NUMBER | |
| control field | 0000001679 |
| 005 - DATE AND TIME OF LATEST TRANSACTION | |
| control field | 20151217151824.0 |
| 008 - FIXED-LENGTH DATA ELEMENTS--GENERAL INFORMATION | |
| fixed length control field | 070321s xx 000 0 eng d |
| 020 ## - INTERNATIONAL STANDARD BOOK NUMBER | |
| International Standard Book Number | 0314061134 : |
| 040 ## - CATALOGING SOURCE | |
| Original cataloging agency | KABU |
| Transcribing agency | KABU |
| 050 #0 - LIBRARY OF CONGRESS CALL NUMBER | |
| Classification number | HD30.28 |
| Item number | .P58 |
| 100 1# - MAIN ENTRY--PERSONAL NAME | |
| Personal name | Pitts, Robert A. |
| -- | 0000150623 |
| 245 10 - TITLE STATEMENT | |
| Title | Strategic management : |
| Remainder of title | building and sustaining competitive advantage / |
| Statement of responsibility, etc. | Robert A. Pitts, David Lei. |
| 260 ## - PUBLICATION, DISTRIBUTION, ETC. (IMPRINT) | |
| Place of publication, distribution, etc. | New York : |
| Name of publisher, distributor, etc. | West Publishing, |
| Date of publication, distribution, etc. | 1996. |
| 300 ## - PHYSICAL DESCRIPTION | |
| Extent | xxi, 409 p. |
| 650 #0 - SUBJECT ADDED ENTRY--TOPICAL TERM | |
| Topical term or geographic name as entry element | Strategic planning |
| Geographic subdivision | United States |
| General subdivision | Case studies. |
| -- | 0000150624 |
| 700 1# - ADDED ENTRY--PERSONAL NAME | |
| Personal name | Lei, David. |
| -- | 0000150625 |
| 908 ## - PUT COMMAND PARAMETER (RLIN) | |
| Put command parameter | 070321 |
| 950 ## - LOCAL HOLDINGS (RLIN) | |
| -- | 1 |
| Withdrawn status | Lost status | Source of classification or shelving scheme | Not for loan | Home library | Current library | Date acquired | Total Checkouts | Full call number | Barcode | Date last seen | Date last checked out | Price effective from | Koha item type |
|---|---|---|---|---|---|---|---|---|---|---|---|---|---|
| Library of Congress Classification | Kabarak, Main Campus | Kabarak, Main Campus | 17/12/2015 | 5 | HD30.28 .P58 | 002364 | 02/08/2024 | 13/07/2022 | 17/12/2015 | General Collection |